LDR 00959naa#a2200181#i#450# 001 RU\\bibl\110312 005 20260604212355.4 011 ## _a2312-7937 100 ## _a20251230b2025####ek#y0rusy0150####ca 102 ## _aRU 200 1# _aНАСЛЕДИЕ ОПЕРАТИВНО-РОЗЫСКНОЙ НАУКИ И СОВРЕМЕННОСТЬ (К 80-ЛЕТИЮ ОБРАЗОВАНИЯ ВНИИ МВД РОССИИ) _eЖурнальная статья 210 1# _aДомодедово _cВсероссийский институт повышения квалификации сотрудников Министерства внутренних дел Российской Федерации _d2025 215 ## _a4 с. 608 ## _aЖурнальная статья _2local 675 ## _aПраво. Юридические науки. 34 _z 700 #1 _aМешалкин _gСергей Николаевич 700 #1 _aДерешко _gБогдан Юльевич 856 4# _avipkmvd.editorum.ru _u